| 000 | 01471nam a2200457 i 4500 | ||
|---|---|---|---|
| 001 | 22445 | ||
| 003 | KOSZ 005 | ||
| 005 | 20240405063030.0 | ||
| 008 | 990421s1983 pl f |000 0 pol | ||
| 015 | _aPB 1983/8617 | ||
| 020 | _a8321403476 | ||
| 035 | _a991009938469705066 | ||
| 035 | _a(PL-WaBN)b12713004-48omnis_nlop | ||
| 035 | _ab12713004 | ||
| 035 | _a(OCoLC)830199522 | ||
| 035 | _a(PL)b0000001271300 | ||
| 035 | _a(EXLNZ-48OMNIS_NETWORK)9910045936705606 | ||
| 040 |
_aWA N _cWA N _dKOSZ 005/EG |
||
| 041 | 0 | _apol | |
| 080 | _a1+929(4+73)"19" | ||
| 245 | 1 | 0 |
_aFilozofia współczesna. _nT. 1 / _cpod red. Zbigniewa Kuderowicza. |
| 260 |
_aWarszawa : _b"Wiedza Powszechna", _c1983. |
||
| 300 |
_a380, [1] s. ; _c19 cm. |
||
| 336 |
_2rdacontent _aTekst _btxt |
||
| 337 |
_2rdamedia _aBez urządzenia pośredniczącego _bn |
||
| 338 |
_2rdacarrier _aWolumin _bnc |
||
| 380 | _aKsiążki | ||
| 388 | _a1901-2000 | ||
| 388 | _a1945-1989 | ||
| 490 | 1 | _aMyśli i Ludzie | |
| 648 | 7 |
_a1901-2000 _2DBN |
|
| 650 | 7 |
_aFilozofia _2DBN |
|
| 650 | 7 | _aHistoria | |
| 658 | _aFilozofia i etyka | ||
| 700 | 1 |
_aKuderowicz, Zbigniew _d(1931-2015) _eRedakcja |
|
| 710 | 2 |
_aPaństwowe Wydawnictwo Wiedza Powszechna _4pbl |
|
| 830 | 0 | _aMyśli i Ludzie | |
| 856 |
_uhttp://koha.tu.koszalin.pl/cgi-bin/koha/opac-detail.pl?biblionumber=22445 _yKatalog online BPK |
||
| 942 |
_2UKD _cKS |
||
| 999 |
_c22445 _d22445 |
||